000
00317nam a22001217a 4500
008
160520b xxu||||| |||| 00| 0 eng d
020
_a
9780803607910
020
_a
0803607911
041
_a
eng
080
_a
611
245
_a
Evaluation of orthopedic and athletic injuries:
_c
Chad Starkey; Jeff Ryan;
942
_2
udc
_c
BK
999
_c
2331
_d
2331